000 00332nam a2200133Ia 4500
008 151001s9999||||xx |||||||||||||| ||und||
100 _a राणू
245 _aखामोशी का जहर
250 _a1
260 _bहिंद पॉकेट बुक्स
260 _c1980
300 _a204
365 _b16
999 _c961505
_d961502